[Event "Julian Mazur Memorial"]
[Site "Wellington Chess Club"]
[Date "2013.12.12"]
[Round "8"]
[White "Wastney, Scott"]
[Black "Aldridge, Alan"]
[Result "1-0"]
[WhiteElo "2447"]
[BlackElo "1990"]

1. e4 c6 2. d4 d5 3. Nd2 dxe4 4. Nxe4 Bf5 5. Ng3 Bg6 6. h4 h6 7. Nh3 Nd7 8. Bc4
e6 9. Nf4 Ne7 10. O-O Qb6 11. Be3 O-O-O 12. Qe2 {#Diagram A tricky position for
Black. The threat of d5 means Black must move the queen anyway (Nd5 is possible
but positionally undesirable because Black doesn't want to recapture on g6 with
a pawn)...} 12... Qxb2 $6 {...So why not grab a free pawn?} 13. Rfb1 Qxc2 $6
{...or two?} 14. Nxg6 $1 Qxg6 (14... Qxe2 {isn't possible because White has the
Zwichenzug} 15. Nxe7+ {and therefore ends up with an extra piece. *BUT* give
Houdini a little time and it gradually starts recommending this impossible
option. Which says a lot about the position after Qxg6.} ) 15. h5 Qh7 16. a4 (
16. Ba6 $1 {is the accurate move} ) 16... Nd5 17. Qb2 b6 $2 (17... Nb4 $1 {is a
nice blocking move} ) 18. a5 Bd6 19. axb6 axb6 20. Ra7 b5 $4 {Black is lost
anyway, but this move still makes a poor impression. Friends don't let friends
play moves like b5 in this position!} 21. Bxb5 cxb5 22. Qxb5 Qxb1+ {Strictly
speaking, White should have avoided this by playing Rc1+ first} 23. Qxb1 N7b6
24. Qb5 Bc7 25. Ne4 Rd7 26. Qa6+ Kd8 27. Ra8+ Nxa8 28. Qxa8+ Ke7 29. Qxh8 1-0

[Event "Summer Cup"]
[Site "Wellington Chess Club"]
[Date "2014.01.30"]
[Round "1"]
[White "Aldridge, Alan"]
[Black "Wight, Joshua"]
[Result "0-1"]
[WhiteElo "1964"]
[BlackElo "1253"]

{Joshua Wight is one of several promising Juniors who have been getting
valuable club experience for some time now. This could be a breakthrough win
for him, downing the redoubtable and hugely experienced Alan Aldridge.} 1. d4
d5 2. c4 c6 3. Nc3 Nf6 4. Nf3 Bg4 5. e3 e6 6. cxd5 exd5 7. Be2 Bb4 8. O-O O-O
9. a3 Bxc3 10. bxc3 Ne4 11. Bb2 Nd7 12. Rc1 Qb6 13. Ba1 Qa5 14. Bb2 Nb6 15. Re1
Qa4 16. Qd3 Qb3 17. Ne5 Bf5 18. g4 Qxb2 19. gxf5 Qxa3 20. f3 Nf6 21. Kh1 Qd6
22. Rg1 a5 23. e4 Ne8 24. Ng4 Qf4 25. Rb1 Nc8 26. Ne5 {#Diagram It looks like
Black is going to win any endgame, but for the moment White's position is
threatening. He threatens Nd7 (a typical sneaky Aldridge idea to win the
exchange) and Rg4 with a massive kingside attack looming. But crucially Josh
has about 30 minutes versus only 3 for Alan} 26... Nf6 $1 {Snuffing out both
ideas} 27. exd5 cxd5 28. Rxb7 Nd6 29. Rbb1 Nxf5 30. Ng4 Nh6 {And now facing a
difficult fight for survival without the comfort of his big centre and
potential attack, White overstepped the time limit} 0-1

[Event "Summer Cup"]
[Site "Wellington Chess Club"]
[Date "2014.01.30"]
[Round "1"]
[White "Cunningham, Patrick"]
[Black "Pomeroy, Arthur"]
[Result "1/2-1/2"]
[WhiteElo "1783"]
[BlackElo "2115"]

{Pat Cunningham got a result against Arthur Pomeroy, using an outrageous bluff.
When I first saw 24.Nxe5 I must admit I thought, "that's a clever idea", but
unfortunately there is a Boeing 747 sized hole in the concept.} 1. e4 c5 2. Nf3
d6 3. d4 cxd4 4. Nxd4 Nf6 5. Nc3 a6 6. Be2 e5 7. Nf3 h6 8. O-O Be7 9. Re1 O-O
10. h3 Be6 11. Be3 Nbd7 12. Qd2 Rc8 13. Rad1 Nc5 14. Bxc5 Rxc5 15. Bf1 b5 16.
b4 Rc8 17. Nd5 Nxd5 18. exd5 Bf5 19. Bd3 Bxd3 20. Qxd3 f5 21. Qb3 Bf6 22. a4
Qc7 23. axb5 axb5 {#Diagram Arthur would have been right at home with this
attractive Sicilian setup. Black has a big advantage.} 24. Nxe5 {?????! However
this move obviously came as a shock. White destroys the beautiful Black centre,
presumably relying on the idea d5-d6 discovered check.} 24... Qxc2 $4 ( {Black
should have called White's bluff eg} 24... dxe5 25. d6+ Qc4 {or Qf7} ) 25. Qxc2
Rxc2 26. Nd7 {Black's advantage has evaporated and Pat holds his own nicely
from here} 26... Bc3 27. Nxf8 Bxe1 28. Rxe1 Kxf8 29. Re6 Rb2 30. Rxd6 Rxb4 31.
Rb6 Rb1+ 32. Kh2 Rb2 33. Kg3 b4 34. Rb7 Rd2 35. Rxb4 Rxd5 36. Rb7 { Draw
agreed} 1/2-1/2

[Event "Summer Cup"]
[Site "Wellington Chess Club"]
[Date "2014.01.30"]
[Round "1"]
[White "Dive, Russell"]
[Black "Roberts, Michael"]
[Result "1-0"]
[WhiteElo "2441"]
[BlackElo "1814"]

{The first round of a Swiss always features big ratings gaps on every board, so
the focus is always on upsets. There were three this week. But first the top
board featured a classy performance and a nice finish from IM Russell Dive,
fresh from a great performance at Congress} 1. Nf3 Nf6 2. c4 g6 3. g3 Bg7 4.
Bg2 O-O 5. O-O d5 6. cxd5 Nxd5 7. d4 Nd7 8. e4 N5b6 9. Nc3 c5 10. d5 Nc4 11.
Qe2 Nde5 12. Nxe5 Nxe5 13. f4 Bg4 14. Qb5 Bd7 15. Qxc5 b6 16. Qe3 Nc4 17. Qd3
Rc8 18. e5 {#Diagram Only Grunfeld's mother could love Black's position} 18...
h5 19. h3 b5 20. Ne4 Qb6+ 21. Kh2 Bf5 22. Rd1 Rfd8 23. b3 Bxe4 24. Bxe4 Nd6 25.
Be3 Qa5 26. exd6 Bxa1 27. dxe7 Rd7 {#Diagram} 28. d6 $1 {A classy finishing
touch, White allows Black the option of capturing with check on a2, and also
allows the bishop to escape, because maintaining the mighty central duo is
crushing} 28... Bg7 29. Bc6 $1 1-0

[Event "Summer Cup"]
[Site "Wellington Chess Club"]
[Date "2014.01.30"]
[Round "1"]
[White "Drinkwater, Blaise"]
[Black "Nyberg, Michael"]
[Result "0-1"]
[WhiteElo "1440"]
[BlackElo "2021"]

1. e4 c5 2. Nf3 d6 3. d4 cxd4 4. Nxd4 a6 5. Nc3 e6 6. Be2 Be7 7. Be3 Nf6 8. Qd2
Nbd7 9. f4 Nc5 10. Bf3 e5 11. Nde2 O-O 12. O-O-O Qa5 13. a3 Ng4 14. Nd5 Qxd2+
15. Kxd2 Bd8 16. f5 Nxe3 17. Kxe3 Bg5+ 18. Kf2 Bh4+ 19. g3 Bd8 20. h4 b5 21.
Nec3 Bb7 22. b4 Nd7 23. g4 Nb6 24. g5 Nc4 25. f6 Nxa3 26. Ne7+ Bxe7 27. fxe7
Rfe8 28. Rxd6 Rxe7 29. Rhd1 Nxc2 30. Rd8+ Re8 31. Rxe8+ Rxe8 32. Rd7 Bc6 33.
Ra7 Nxb4 34. Nd5 Bxd5 35. exd5 g6 36. Be4 Rd8 0-1

[Event "Summer Cup"]
[Site "Wellington Chess Club"]
[Date "2014.01.30"]
[Round "1"]
[White "Jackson, Ross"]
[Black "Theodosiou, Andreas"]
[Result "1-0"]
[WhiteElo "2000"]
[BlackElo "1374"]

1. d4 Nf6 2. c4 d5 3. cxd5 Nxd5 4. e4 Nb6 5. Nf3 Bg4 6. Be2 e6 7. O-O Nc6 8.
Be3 Be7 9. Nc3 a6 10. a4 O-O 11. a5 Nc8 12. Qa4 Nd6 13. Rac1 b5 14. axb6 Nb5
15. Nxb5 axb5 16. Qxb5 Nxd4 17. Nxd4 Bxe2 18. Qxe2 cxb6 19. Nc6 Qd7 20. Rfd1
Qb7 21. Nxe7+ Qxe7 22. Bxb6 Qb7 23. Bc5 Rfc8 24. b4 f5 25. exf5 exf5 26. Qe6+
Kh8 27. Rd7 Qe4 28. Qf7 Qe5 29. Rcd1 Ra1 30. g3 Rxd1+ 31. Rxd1 Qe2 32. Qd7 Re8
33. Qd3 Qg4 34. f3 Qg6 35. b5 Rc8 36. Qd8+ 1-0

[Event "Summer Cup"]
[Site "Wellington Chess Club"]
[Date "2014.01.30"]
[Round "1"]
[White "Konakanchi, Karthik"]
[Black "Timergazi, Layla"]
[Result "0-1"]
[WhiteElo "1235"]
[BlackElo "1952"]

1. e4 c6 2. d4 d5 3. Nc3 dxe4 4. Nxe4 Bf5 5. Bd3 e6 6. Nf3 Nd7 7. O-O Bg6 8.
Re1 Ngf6 9. Bg5 Be7 10. Qd2 Bh5 11. Qf4 Qb6 12. c3 h6 13. Bxf6 Nxf6 14. b4 Nd5
15. Qe5 Bxf3 16. Qxg7 O-O-O 17. Qxf7 Bg4 18. h3 Rdf8 19. Qg6 Bxh3 20. Qh5 Bxg2
21. Qg4 Nf4 22. Qd1 Rhg8 23. Ng3 h5 24. Kh2 h4 25. Nh5 Nxh5 26. Qxh5 Bd6+ 27.
Re5 Bxe5+ 28. Qxe5 Qc7 29. Qxc7+ Kxc7 30. Rg1 Rxf2 31. Bh7 Bf3+ 32. Kh3 Rxg1
0-1

[Event "Summer Cup"]
[Site "Wellington Chess Club"]
[Date "2014.01.30"]
[Round "1"]
[White "Marney, John"]
[Black "Sknar, Andrew"]
[Result "1-0"]
[WhiteElo "1675"]
[BlackElo "1370"]
[TimeControl "4500+30"]

1. e4 e5 2. Nf3 Nc6 3. d4 d5 4. exd5 Qxd5 5. Nc3 Qa5 6. d5 Bb4 7. dxc6 Bxc3+ 8.
bxc3 Qxc3+ 9. Bd2 Qxc6 10. Nxe5 Qd5 11. Nf3 Be6 12. Be2 O-O-O 13. O-O Nf6 14.
c4 Qd6 15. Qc2 Ng4 16. a4 Nxh2 17. Rfd1 Nxf3+ 18. Bxf3 Qc5 19. Qb2 b6 20. a5
Qxc4 21. axb6 cxb6 22. Rac1 Qxc1 23. Qxc1+ Kb8 24. Bf4+ 1-0

[Event "Summer Cup"]
[Site "Wellington Chess Club"]
[Date "2014.01.30"]
[Round "1"]
[White "Sellen, Ian"]
[Black "Farrington, Lawrence"]
[Result "0-1"]
[WhiteElo "2112"]
[BlackElo "1721"]

{Lawrence Farrington hung in there effectively against Ian Sellen, and took
advantage of a big mistake when it arrived.} 1. c4 Nf6 2. Nf3 Nc6 3. g3 d5 4.
cxd5 Nxd5 5. Bg2 e5 6. d3 Bd6 7. O-O Nb6 8. Nc3 a6 9. Bg5 f6 10. Be3 Be6 11.
Bxb6 cxb6 12. Rc1 O-O 13. Nd2 Rc8 14. Nc4 Bb8 15. Ne3 Ba7 16. a4 Qd7 17. Ned5
Ne7 18. Nxe7+ Qxe7 19. Nd5 Qd7 20. Qb3 Qf7 21. Rc3 Rxc3 22. bxc3 Rd8 23. c4 Rd6
24. Rb1 h6 25. Qa3 Qd7 {#Diagram White has a comfortable edge with more active
pieces and healthy pawns} 26. Rb4 $6 {Probably unwise} 26... b5 {Lawrence
sniffs out an opportunity} 27. axb5 $2 {White needed to withdraw and apologise,
Black now gets a worthwhile material advantage} 27... Bc5 28. bxa6 Rxa6 29. Qb2
Bxb4 30. Nxb4 ( {Not} 30. Qxb4 Ra1+ 31. Bf1 Bh3 32. Ne3 Qd4 {and Black wins} )
30... Rb6 31. c5 Rb5 32. Qc3 Qd4 33. Qxd4 exd4 34. Bd5 Bxd5 35. Nxd5 Rxc5 36.
Nb4 Rc1+ 37. Kg2 {Lawrence has done well to liquidate to this ending. The
Knight has no chance against a rook here} 37... Kf7 38. Kf3 Ke6 39. Ke4 Re1 40.
Kf3 Ke5 41. e3 dxe3 42. fxe3 Rb1 43. d4+ Kd6 44. Nd3 b5 45. e4 b4 46. Ke3 b3
47. Kd2 Rh1 48. Kc3 Rxh2 49. Kxb3 Rh3 50. Kc3 Rxg3 51. Kd2 Rg2+ 52. Ke3 Ra2 53.
Kf4 Ke7 54. Kf5 Rg2 55. e5 g6+ 56. Ke4 fxe5 57. dxe5 Rd2 58. Nf4 g5 59. Nh5 Rf2
60. Ng3 Ke6 61. Ke3 Rf8 0-1

[Event "Summer Cup"]
[Site "Wellington Chess Club"]
[Date "2014.01.30"]
[Round "1"]
[White "Sknar, Andrew"]
[Black "Stoeveken, Peter"]
[Result "0-1"]
[WhiteElo "929"]
[BlackElo "1861"]

1. e4 e6 2. d4 d5 3. e5 c5 4. dxc5 Bxc5 5. Nc3 Qb6 6. Bd2 Bxf2+ 7. Ke2 Bxg1 8.
Na4 Qf2+ 9. Kd3 Qd4+ 10. Ke2 Qxe5+ 11. Kf3 Bd4 12. c3 Qe4+ 13. Kg3 Be5+ 14. Kf2
Nf6 15. Nc5 Qf5+ 16. Kg1 Ng4 17. Qe2 d4 18. Nd3 Nc6 19. Nxe5 Ncxe5 20. cxd4 Nd3
21. Qf3 Qxf3 22. gxf3 Ngf2 23. Be3 Nxh1 24. Bxd3 Bd7 25. Kxh1 Bc6 26. Kg2 Rd8
27. a4 e5 28. Bb5 Bxb5 29. axb5 exd4 30. Bf4 O-O 31. Kf2 Rfe8 32. Re1 Rxe1 33.
Kxe1 Rd5 34. Kd2 Rxb5 35. Kd3 Rxb2 36. Kxd4 a5 37. Kc3 Rf2 38. Kc4 Rxf3 39. Bd2
b6 40. Kb5 Rf6 41. Bg5 Re6 0-1

[Event "Summer Cup"]
[Site "Wellington Chess Club"]
[Date "2014.01.30"]
[Round "1"]
[White "Stracy, Don"]
[Black "Sampathkumar, Shyamkumar"]
[Result "1-0"]
[WhiteElo "1870"]
[BlackElo "1228"]

1. e4 e5 2. Nf3 Nc6 3. Bb5 Nce7 4. O-O c6 5. Bc4 Nf6 6. Nxe5 d5 7. exd5 Nexd5
8. d4 Bd6 9. Re1 O-O 10. Nd2 Nf4 11. Ndf3 Ng6 12. Bg5 Be6 13. Bxe6 fxe6 14.
Nxg6 hxg6 15. Rxe6 Be7 16. c3 Nd5 17. Bxe7 Nxe7 18. Qd2 Nd5 19. Rxg6 Nf4 20.
Rg3 Qc7 21. Re1 Rae8 22. Rxe8 Rxe8 23. Ne5 Nh5 24. Rf3 Rd8 25. Qg5 1-0

[Event "Summer Cup"]
[Site "Wellington Chess Club"]
[Date "2014.02.13"]
[Round "2"]
[White "List, Robert"]
[Black "Sknar, Andrew"]
[Result "1-0"]
[WhiteElo "1670"]
[BlackElo "929"]

1. e4 e5 2. Nf3 Nc6 3. Bc4 h6 4. c3 Nf6 5. d4 d6 6. dxe5 Nxe5 7. Nxe5 dxe5 8.
Qxd8+ Kxd8 9. Bxf7 Nxe4 10. O-O Nd6 11. Bg6 Bf5 12. Bxf5 Nxf5 13. Be3 Nxe3 14.
fxe3 Bc5 {Rest of scoresheet incomprehensible - White won} 1-0

[Event "Summer Cup"]
[Site "Wellington Chess Club"]
[Date "2014.02.13"]
[Round "2"]
[White "Meyer, Marany"]
[Black "Bennett, Ezra"]
[Result "1-0"]
[WhiteElo "2062"]
[BlackElo "860"]

1. e4 e5 2. Nf3 Nc6 3. Bc4 Bc5 4. O-O Qe7 5. d3 Nf6 6. c3 d6 7. a4 Be6 8. Bxe6
Qxe6 9. b4 Bb6 10. a5 Nxa5 11. bxa5 Bc5 12. d4 Nxe4 13. Re1 d5 14. dxc5 O-O 15.
Ng5 Qg6 16. Nxe4 dxe4 17. Qc2 f5 18. c4 h5 19. Ra3 Rab8 20. Nc3 b5 21. cxb5 h4
22. Nd5 Qg4 23. Qc4 Kh8 24. Nxc7 f4 25. Qxe4 Rbd8 26. h3 Qg6 27. Qxg6 Rf6 28.
Qh5+ Kg8 29. Qxe5 Kh7 30. b6 a6 31. Bxf4 Rdf8 32. Ne6 Re8 33. Qh5+ Kg8 34.
Qxe8+ Kh7 35. Ng5+ Kh6 36. Qh8+ Kg6 37. Qh7# 1-0

[Event "Summer Cup"]
[Site "Wellington Chess Club"]
[Date "2014.02.13"]
[Round "2"]
[White "Nyberg, Michael"]
[Black "Nicholls, Alistair"]
[Result "1-0"]
[WhiteElo "2021"]
[BlackElo "1848"]

1. d4 d5 2. c4 e5 3. Nc3 Bb4 4. cxd5 Qxd5 5. Qa4+ Nc6 6. Qxb4 Nxb4 7. Nxd5 Nxd5
8. e4 Ndf6 9. dxe5 Nxe4 10. Be3 f6 11. Bb5+ c6 12. Bd3 Ng5 13. f4 Nf7 14. Nf3
fxe5 15. fxe5 Be6 16. Nd4 O-O-O 17. Bc2 Bd5 18. Bf5+ Kb8 19. e6 Nd6 20. Bf4 Ka8
21. Bh3 h6 22. O-O Ne7 23. Be5 Rhg8 24. Bxd6 Rxd6 25. Rf7 Ng6 26. Raf1 Bxg2 27.
Bxg2 Rxd4 28. e7 1-0

[Event "Summer Cup"]
[Site "Wellington Chess Club"]
[Date "2014.02.13"]
[Round "2"]
[White "Pomeroy, Arthur"]
[Black "Brockway, Andrew"]
[Result "1-0"]
[WhiteElo "2115"]
[BlackElo "1769"]
[PlyCount "48"]

1. e4 c5 2. Nf3 g6 3. d4 cxd4 4. Qxd4 Nf6 5. e5 Nc6 6. Qa4 Nd5 7. Qe4 Nc7 8.
Nc3 Bg7 9. Bf4 O-O 10. O-O-O a6 11. h4 Ne6 12. Bg3 Qa5 13. h5 Nb4 14. Bc4 Bh6+
15. Kb1 g5 16. a3 Nc5 17. Qe3 Nxc2 18. Kxc2 d5 19. Rxd5 Bf5+ 20. Kd1 Rad8 21.
Ke2 Rxd5 22. Nxd5 Rd8 23. Nxe7+ Kf8 24. Nxf5 g4 1-0

[Event "Summer Cup"]
[Site "Wellington Chess Club"]
[Date "2014.02.13"]
[Round "2"]
[White "Roberts, Michael"]
[Black "Konakanchi, Karthik"]
[Result "1-0"]
[WhiteElo "1814"]
[BlackElo "1235"]

1. e4 e5 2. Nf3 Nc6 3. Bb5 a6 4. Ba4 Nf6 5. O-O d5 6. Nxe5 Bd7 7. Nxd7 Qxd7 8.
e5 Ng4 9. d4 b5 10. Bb3 h5 11. c3 O-O-O 12. h3 Qf5 13. Bc2 Qe6 14. Qf3 f5 15.
Bxf5 1-0

[Event "Summer Cup"]
[Site "Wellington Chess Club"]
[Date "2014.02.13"]
[Round "2"]
[White "Rossiter, Philip"]
[Black "Forster, Bill"]
[Result "1/2-1/2"]
[WhiteElo "1835"]
[BlackElo "2054"]

1. c4 f5 2. Nc3 Nf6 3. Nf3 d6 4. d4 e6 5. Qc2 Be7 6. e4 fxe4 7. Nxe4 Nxe4 8.
Qxe4 Nd7 9. Bd3 Nf6 10. Qe2 O-O 11. O-O e5 12. Re1 Bg4 13. Bg5 Qd7 14. Bxf6
Bxf6 15. Qe4 g6 16. dxe5 Bxf3 17. Qxf3 Bxe5 18. Qxb7 Qf7 19. Qd5 Qxd5 20. cxd5
Rab8 21. Re2 Rxb2 22. Rae1 Rxe2 23. Rxe2 Bd4 24. g3 1/2-1/2

[Event "Summer Cup"]
[Site "Wellington Chess Club"]
[Date "2014.02.13"]
[Round "2"]
[White "Sampathkumar, Shyamkumar"]
[Black "Aldridge, Alan"]
[Result "0-1"]
[WhiteElo "1228"]
[BlackElo "1964"]

1. e4 e5 2. Nf3 Nc6 3. Bc4 Nf6 4. Ng5 d5 5. exd5 Na5 6. Be2 Qxd5 7. O-O Be7 8.
d3 Nc6 9. Bf3 Qd6 10. Nc3 O-O 11. Nge4 Nxe4 12. Nxe4 Qd8 13. Be3 f5 14. Nc5 f4
15. Bg4 fxe3 16. Bxc8 exf2+ 17. Rxf2 Bxc5 18. Be6+ Kh8 0-1

[Event "Summer Cup"]
[Site "Wellington Chess Club"]
[Date "2014.02.13"]
[Round "2"]
[White "Sknar, Andrew"]
[Black "Sellen, Ian"]
[Result "0-1"]
[WhiteElo "1370"]
[BlackElo "2112"]

1. e4 e6 2. d4 d5 3. e5 c5 4. Nf3 cxd4 5. Bb5+ Bd7 6. Nxd4 Qb6 7. a4 Nc6 8. Be3
Qa5+ 9. Bd2 Qc7 10. Nf3 Nxe5 11. Bxd7+ Nxd7 12. O-O Ngf6 13. h3 Bd6 14. Nc3 a6
15. a5 O-O 16. Bg5 Bb4 17. Qd2 Ne4 18. Qe3 Nxc3 19. bxc3 Bxc3 20. Ra4 Ne5 21.
Nxe5 Qxe5 22. Ra3 Qxe3 23. Bxe3 Bb4 24. Ra4 Bd6 25. Bb6 Rfc8 26. Ra2 Rc4 27.
Rd1 Rac8 28. Rd2 Rb4 29. Rd1 Bc5 30. c3 Rb3 31. c4 Bxb6 32. axb6 Rxc4 33. f4
Rxb6 34. f5 Kf8 35. fxe6 fxe6 36. Rf1+ Ke7 37. Raf2 Kd6 38. Rf7 Rc7 39. R7f3
Rbc6 40. Kh2 b5 41. g4 b4 42. h4 Rc2+ 43. Kg3 a5 44. h5 a4 45. Kh4 b3 46. g5 b2
47. Rb1 R7c4+ 48. Kg3 Rb4 49. g6 hxg6 50. hxg6 Rcc4 51. Kf2 Rg4 52. Ke2 Rxg6
53. Kd1 Rg2 54. Rd3 Rh4 55. Re3 a3 56. Re2 Rd4+ 57. Ke1 Rg1+ 58. Kf2 Rxb1 59.
Ke3 Rbd1 60. Kf3 b1=Q 61. Kf2 Qf5+ 0-1

[Event "Summer Cup"]
[Site "Wellington Chess Club"]
[Date "2014.02.13"]
[Round "2"]
[White "Stoeveken, Peter"]
[Black "Dive, Russell"]
[Result "0-1"]
[WhiteElo "1861"]
[BlackElo "2441"]

1. d4 Nf6 2. c4 e6 3. Bg5 h6 4. Bh4 Bb4+ 5. Nc3 c5 6. a3 Bxc3+ 7. bxc3 Qa5 8.
Qd3 Ne4 9. Rc1 Qxa3 10. Kd1 d5 11. f3 Nd6 12. cxd5 exd5 13. e4 Bd7 14. Qb1 cxd4
15. cxd4 dxe4 16. fxe4 Qa4+ 17. Ke2 Nc6 18. d5 Nd4+ 19. Ke3 O-O 20. Bd3 Rfe8
21. Bg3 N4f5+ 22. Kf3 Nxg3 23. hxg3 f5 24. Rh4 fxe4+ 25. Bxe4 Nxe4 26. Rxe4
Qa3+ 27. Kf2 Rxe4 28. Qxe4 Qxc1 0-1

[Event "Summer Cup"]
[Site "Wellington Chess Club"]
[Date "2014.02.13"]
[Round "2"]
[White "Timergazi, Layla"]
[Black "Marney, John"]
[Result "1-0"]
[WhiteElo "1952"]
[BlackElo "1675"]

1. d4 d5 2. c4 e6 3. Nc3 Nf6 4. Nf3 Be7 5. Bf4 a6 6. e3 O-O 7. Bd3 Nbd7 8. h3
b6 9. cxd5 Nxd5 10. Nxd5 exd5 11. Qc2 Nf6 12. Bxc7 Qe8 13. Bxb6 Bb7 14. O-O Rc8
15. Qd2 Rc6 16. Ba5 Nd7 17. Rac1 Nb8 18. Ne5 Rxc1 19. Rxc1 f6 20. Nf3 Nc6 21.
Bf5 Qh5 22. Bd7 Nxa5 23. Qxa5 Rd8 24. Be6+ Kh8 25. Qc7 1-0

[Event "Summer Cup"]
[Site "Wellington Chess Club"]
[Date "2014.02.13"]
[Round "2"]
[White "Wight, Joshua"]
[Black "Ker, Anthony"]
[Result "0-1"]
[WhiteElo "1253"]
[BlackElo "2423"]

1. e4 d6 2. d4 Nf6 3. Nc3 g6 4. Nf3 Bg7 5. Bc4 O-O 6. O-O Nxe4 7. Re1 Nxc3 8.
bxc3 c5 9. Bg5 Nc6 10. Bd5 h6 11. Bxc6 hxg5 12. Ba4 g4 13. Ng5 c4 14. Qe2 Qa5
15. Qxc4 Qxg5 16. Qc7 Bf6 17. Rab1 Kg7 18. Re2 Rh8 19. Rf1 Qh5 20. h3 gxh3 21.
g3 Qf3 0-1

[Event "Summer Cup"]
[Site "Wellington Chess Club"]
[Date "2014.02.20"]
[Round "3"]
[White "Aumeier, Beate"]
[Black "Roberts, Michael"]
[Result "0-1"]
[WhiteElo "993"]
[BlackElo "1814"]

1. e4 e5 2. Nf3 Nc6 3. Bb5 a6 4. Bxc6 dxc6 5. Nxe5 Qd4 6. Ng4 Qxe4+ 7. Ne3 Bd7
8. Nc3 Qg6 9. Qe2 O-O-O 10. O-O Nh6 11. h3 Bxh3 12. Qf3 Be6 13. d3 Bd6 14. Re1
Rhe8 15. Bd2 Ng4 16. g3 Ne5 17. Qh1 Bg4 18. Nxg4 Qxg4 19. Kf1 Nf3 20. Re2 Rxe2
21. Kxe2 Re8+ 22. Ne4 Nd4+ 23. Kf1 Qe2+ 24. Kg1 Nf3+ 25. Kg2 Nxd2 26. Nxd6+
cxd6 27. Qh3+ Kc7 28. Qxh7 Qf3+ 29. Kg1 Re2 30. Qh2 Qf6 31. Kh1 Rxf2 0-1

[Event "Summer Cup"]
[Site "Wellington Chess Club"]
[Date "2014.02.20"]
[Round "3"]
[White "Bennett, Ezra"]
[Black "Theodosiou, Andreas"]
[Result "0-1"]
[WhiteElo "860"]
[BlackElo "1374"]

1. d4 Nf6 2. Bf4 d5 3. e3 e6 4. Nf3 c5 5. Bd3 Nc6 6. Ne5 cxd4 7. O-O Bd6 8.
exd4 Qb6 9. Nc3 Qxd4 10. Nxc6 Qxf4 11. g3 Qg5 12. Kg2 bxc6 13. f4 Qh6 14. Qe2
e5 15. fxe5 Qh3+ 16. Kh1 O-O 17. exf6 Bg4 18. Qe3 Rfe8 19. Qg5 g6 20. Ne2 Bxe2
21. Bxe2 Rxe2 22. Rg1 Qxh2# 0-1

[Event "Summer Cup"]
[Site "Wellington Chess Club"]
[Date "2014.02.20"]
[Round "3"]
[White "Cunningham, Patrick"]
[Black "Van der Hoorn, Mark"]
[Result "0-1"]
[WhiteElo "1783"]
[BlackElo "2232"]

{Pat Cunningham came very close to a meritorious draw with Mark van der Hoorn.}
1. e4 c6 2. d4 d5 3. exd5 cxd5 4. Nf3 Nc6 5. Bb5 Bg4 6. Nc3 e6 7. h3 Bxf3 8.
Qxf3 Bd6 9. O-O Qf6 10. Qe3 Ne7 11. Re1 O-O 12. Ne2 Nf5 13. Qg5 Qxg5 14. Bxg5
Nfxd4 15. Bd3 Rac8 16. c3 Nxe2+ 17. Rxe2 Ne5 18. Bb5 a6 19. Ba4 Nc4 20. Rae1 b5
21. Bd1 b4 22. b3 Nb6 23. Be3 Nd7 24. c4 dxc4 25. bxc4 Bc5 26. Ba4 Bxe3 27.
Bxd7 Rc7 28. Bxe6 fxe6 29. Rxe3 Rxc4 30. Rxe6 Rc2 31. Rxa6 Rfxf2 {#Diagram} 32.
Re8+ {I was watching and Pat rushed this move. The computer quickly points out
that White can force off one of the rooks which draws easily}  (32. Ra8+ $1 Kf7
33. Rf1 Rxf1+ 34. Kxf1 {with queenside liquidation and a draw} ) 32... Kf7 33.
Rae6 Rxg2+ 34. Kf1 h6 35. R8e7+ Kg8 36. Re2 Rgxe2 37. Rxe2 Rxe2 38. Kxe2 g5 39.
Kf3 Kf7 40. Ke4 Kg6 41. Kf3 Kf5 42. Ke3 Ke5 43. Kd3 h5 44. Ke3 g4 45. h4 Kf5
46. Kf2 Ke4 0-1